FIFA 21 Record Breakers - Statistics

General Stats
  • This quiz has been taken 45 times
  • The average score is 6 of 12
Answer Stats
Rating Club Player % Correct
91 PSG Kylian Mbappe
100%
88 Leicester City Jamie Vardy
76%
91 Liverpool Virgil Van Dijk
72%
88 Borussia Dortmund Jadon Sancho
64%
89 Real Sociedad David Silva
60%
87 Los Angeles FC Carlos Vela
48%
87 AC Milan Gianluigi Donnarumma
44%
87 Galatasaray Radamel Falcao
44%
86 Shanghai Port Oscar
40%
83 Real Madrid Rodrygo
40%
87 AS Monaco Cesc Fabregas
32%
74 MSV Duisburg Moritz Stoppelkamp
20%
No matching quizzes found
Score Distribution
Percent of People with Each Score
Percentile by Number Answered
Your Score History
You have not taken this quiz